| 000 | 00566nam a22002057a 4500 | ||
|---|---|---|---|
| 003 | OSt | ||
| 005 | 20140310181759.0 | ||
| 008 | 130702t xxu||||| |||| 00| 0 eng d | ||
| 020 | _a9781933821849 | ||
| 050 |
_aAY 64 _b.T583 2007 |
||
| 082 |
_aREF 030.13 _bT48 2007 |
||
| 245 | _aTime for kids almanac with fact monster. / | ||
| 260 |
_aNew York, NY : _bTime For Kids Books, _cc 2008. |
||
| 300 |
_a255 p. : _bill. col. ; _c23 cm. : |
||
| 520 | _a1. Almanac. | ||
| 521 | _aBasic ed. students | ||
| 541 | _j1 | ||
| 562 | _e1 | ||
| 942 |
_2lcc _cBK-GR _kREF |
||
| 999 |
_c3566 _d3566 |
||